|
|
|
|
| LEADER |
00000nab a2200000 a 4500 |
| 001 |
vtls000418201 |
| 003 |
SK-MaSNL |
| 005 |
20260303202626.0 |
| 008 |
120925c1991 xo 0 slo |
| 015 |
|
|
|a SNBRB19rr/mm-uuuuu
|
| 035 |
|
|
|a CL0418326
|
| 040 |
|
|
|a SNKBUCL
|b slo
|c SNKBUCL
|e AACR2
|
| 041 |
0 |
|
|a slo
|
| 044 |
|
|
|a xo
|c SK
|
| 080 |
|
|
|a 329.7(437.6)VPN:342.4(437.6)
|2 1981
|
| 080 |
|
|
|a 342.4(437.6)
|2 1981
|
| 100 |
1 |
|
|a Valko, Ernest,
|d 1953-2010
|4 aut
|9 13449
|
| 245 |
1 |
0 |
|a O Ústave
|c Ernest Valko, Táňa Veselá
|
| 300 |
|
|
|b Obr. 1.
|
| 610 |
2 |
7 |
|a Verejnosť proti násiliu (politické hnutie)
|2 snkbucl
|9 236133
|
| 650 |
0 |
7 |
|a Ústava Slovenskej republiky
|2 snkbucl
|9 499021
|
| 655 |
|
7 |
|a články z novín a časopisov
|2 snkbucl
|9 267496
|
| 700 |
1 |
|
|a Veselá, Táňa
|4 aut
|9 6649
|
| 773 |
0 |
|
|t Smena na nedeľu
|g Roč. 25, č. 21 (24. 5. 1991), s. 6
|
| 850 |
|
|
|a Slovenská národná knižnica v Martine
|a MTA001
|
| 852 |
|
|
|a SNK
|b KIS3GCP
|
| 958 |
|
|
|a RK
|
| 992 |
|
|
|a RBX
|
| 999 |
|
|
|c 2180813
|d 2182743
|